| 000 | 00439nam a2200157Ia 4500 | ||
|---|---|---|---|
| 008 | 230917s9999||||xx |||||||||||||| ||und|| | ||
| 040 |
_e152693 _aMAIN |
||
| 041 | _aEnglish | ||
| 082 | _a345.06 A17P(18) | ||
| 100 | _aAvtar Singh | ||
| 245 | 0 | _aPrinciples of the law of evidence: A study of the Indian Evidence Act, 1872 | |
| 250 | _a18th ed. | ||
| 260 |
_aAllahabad _bCentral Law Agency _c2010 |
||
| 300 | _alvi, 584 p. | ||
| 942 | _cBK | ||
| 999 |
_c154325 _d154325 |
||